000 00303nam a22001217a 4500
008 180521b xxu||||| |||| 00| 0 eng d
041 _aeng
080 _a043.3
100 _a0
101 _aMBE-BTH
245 _aRoli i Rekrutimit dhe seleksionimit të burimeve njerëzore
_cDurguti,F
942 _2udc
_cBK
999 _c46107
_d46107